03077nam a2200157 4500008001200000020001800012082001700030100002100047245002400068260005200092300002500144505252400169650016202693700002402855710004002879707.1 C419a a9788594931092 a707.1bC419a aCervetto, Renata aAgite antes de usar aSão PaulobEdições Sesc São Pauloc2018 a276 p.c23 x 15.5 cm tIntrodução tO horizonte transformador da educaçãorRenata Cervetto e miguel LópeztPropostas para uma mediação críticatAdvertência: mais perguntas que respostas.tQuestionário invertido sobre a prática artístico-pedagógico-curatorialrSofía OlascoagatFazer juntas? Implicações e colaborações entre educadores de museus e território na região do Mercado de San Roque, QuitorValeria Galarza tCuradoria educativa: percepção imaginativa- consciência do olhar rLuiz Guilherme Vergara tFora do cantinho. Arte e educação na 24 Bienal de São Paulo (1998)rCarmen Mörsch e Catrin Seefranz tMal-educadosrJosé Luis BlondettEspaços de formação e políticas de aprendizagem tUma má educação. Entrevista por Helen RedrPablo Helguera tDeclaração docente rTania Bruguera tCátedra de arte de conduta: declaração rTania Bruguera tUma escola de arte hoje: tecendo a textura que sustenta a frase. Acender algo numa ilha do Caribe rMichy MarxuachtUma ponte não é uma ponte até que alguém a atravesse. Reflexões sobre a arte contemporânea e diálogos significativosrMaría VillatAtravessar a cena neoliberal a partir da educação artística tO ensino de arte como fraude rLuis CamnitzertEmbargar a aula: expectativa, frustração, incerteza e poder em três iniciativas pedagógicas de estudantesrMax Hernández CalvotO homem de milho. Entrevista por Renata Cervetto rEduardo Molinari tEscolas de arte, maternidad e ativismo. A experiência do Invisible Spaces of Parenthood rAndres Francke tProtestos, crises e reconstrução dos modelos educativos tMediação não é representação: uma conversarMônica Hoff e Cayo Honorato tUma educação sexy. Dissidência sexual e espaços estudiantis. Entrevista por Miguel López rFelipe Rivas San Martín tParque Lage: notas para adensar uma atmosfera rLisette Lagnado tDinâmicas afetivas: intercâmbios, colaboração, corpo e contextotConhecimentos colaborativos. Entrevista por Renata Cervetto e Miguel A. LópezrIconoclasistas tEducação artística e feminismo. Entre a educação amorosa e a educação por osmose rMónica Mayer tFerramentas relacionais, de carinho e projeção. Entrevista por Renata Cervetto y Miguel A. LópezrProyecto Secundario Liliana Maresca tNão ensinar, aprender. Os experimentos educativos em EspIRA. Entrevista por Miguel López. rPatricia BellitSobre os autorestAgradecimentos xarte contemporáneoxarte - educación xarte - Latinoamérica xarte - crítica e interpretación xeducación artística xpedagogía experimental  aLópez, Miguel A.  aFeres Sabino, José (traducción)